Statistics for Name The Famous Celebrity

Click here to take the quiz!

General Stats

  • This quiz has been taken 187 times
  • The average score is 12 of 16

Answer Stats

Answer% Correct
Dwayne Johnson
99%
Donald Trump
98%
Taylor Swift
98%
Justin Bieber
97%
Lionel Messi
93%
Elon Musk
92%
Michelle Obama
92%
Billie Eilish
88%
Tom Cruise
83%
Beyonce
82%
Lebron James
76%
Jenna Ortega
73%
Kylian Mbappe
71%
Khaby Lame
38%
Jimmy Donaldson
34%
Sam Kerr
31%

Score Distribution

Percentile by Number Answered

Percent of People with Each Score

Your Score History

You have not taken this quiz